Schnelle Mathematik - Addition Level 22 - Statistiken

Allgemein
  • Dieses Quiz wurde 92 mal gespielt
  • Das Durchschnittsergebnis liegt bei 16 aus 20
Antwortstatistiken
n fₙ % Korrekt
1 1
100%
2 1
100%
3 2
100%
4 3
96%
5 5
96%
6 8
96%
7 13
83%
12 144
83%
8 21
83%
13 233
83%
9 34
83%
14 377
83%
10 55
83%
11 89
83%
15 610
78%
16 987
70%
17 1597
65%
18 2584
48%
19 4181
30%
20 6765
30%
Keine übereinstimmenden Quizze gefunden
Verteilung der Resultate
Anzahl Personen mit jedem Resultat
Perzentil nach korrekt beantworteten Fragen
Ihre Resultats-Entwicklung
Sie haben dieses Quiz noch nicht gespielt